Caracterización de granjas y evaluación de la producción de acuicultura en Colombia durante el año 2016: (Registro nro. 20122)

Detalles MARC
000 -CABECERA
Campo de control 00849nam a22002177a 4500
005 - FECHA Y HORA DE LA ULTIMA TRANSACCION
Campo de control 20180322151524.0
008 - ELEMENTOS DE LONGITUD FIJA—INFORMACION GENERAL
Campo de control 180322b ck ||||| |||| 00| 0 spa d
040 ## - FUENTE DE CATALOGACIÓN
Agencia catalogadora original CO-BoIAVH
Agencia transcriptora CO-BoIAVH
041 ## - IDIOMA
Código de idioma para texto/pista de sonido o título separado Español
044 ## - PAÍS DE PUBLICACIÓN
País de publicación Colombia
090 ## - CLASIFICACIÓN LOCAL
Colección FG-
Consecutivo 0263
100 1# - ASIENTO PRINCIPAL--NOMBRE PERSONAL
Nombre personal Roca-Lanao, Brayan
Fechas asociadas con el nombre autor
9 (RLIN) 90694
245 10 - MENCION DE TITULO
Título Caracterización de granjas y evaluación de la producción de acuicultura en Colombia durante el año 2016:
Parte restante del título un análisis basado en once núcleos geográficos
260 ## - PUBLICACION, DISTRIBUCION, ETC. (PIE DE IMPRENTA)
Lugar de publicación, distribución, etc. Santa Marta:
Nombre del editor, distribuidor, etc. Autoridad Nacional de Acuicultura y Pesca Aunap,
Fecha de publicación, distribución, etc. 2016.
300 ## - DESCRIPCION FISICA
Extensión 28 páginas,
Otros detalles físicos fotografías y tablas a color,
700 1# - ASIENTO SECUNDARIO - NOMBRE PERSONAL
Nombre personal Polinia-Rivera, Carmen
Término de relación autora
9 (RLIN) 90695
700 1# - ASIENTO SECUNDARIO - NOMBRE PERSONAL
Nombre personal Altamar, Jairo
Término de relación autor
9 (RLIN) 90696
700 1# - ASIENTO SECUNDARIO - NOMBRE PERSONAL
Nombre personal Duque, Luis Orlando
Término de relación autor
9 (RLIN) 90697
700 1# - ASIENTO SECUNDARIO - NOMBRE PERSONAL
Nombre personal Manjarrés-Martínez, Luis
Término de relación autor
9 (RLIN) 48292
942 ## - ELEMENTOS ADICIONALES (KOHA)
Sistema de clasificación Local
Tipo de ítem Folleto
Existencias
Withdrawn status Lost status Sistema de Clasificación Damaged status No para préstamo Colección Ubicación Permanente Ubicación actual Fecha de adquisición Total Checkouts Número topográfico Inventario / Código de Barras Date last seen Ejemplar Price effective from Forma de adquisición Tipo de material
    Local     Hemeroteca Bogotá Bogotá 22/03/2018   FG-0263 043531 22/03/2018 Ej. 1 22/03/2018 Donación Folleto